El prisionero del cielo (Record no. 6)
[ view plain ]
| 000 -LEADER | |
|---|---|
| campo de control de longitud fija | 00690nam a22002057a 4500 |
| 003 - IDENTIFICADOR DE NÚMERO DE CONTROL | |
| campo de control | OSt |
| 005 - FECHA Y HORA DE LA ÚLTIMA TRANSACCIÓN | |
| campo de control | 20250819101412.0 |
| 008 - DATOS DE LONGITUD FIJA--INFORMACIÓN GENERAL | |
| campo de control de longitud fija | 250807b |||||||| |||| 00| 0 eng d |
| 020 ## - NÚMERO INTERNACIONAL ESTÁNDAR DEL LIBRO | |
| Número Internacional Estándar del Libro | 978-84-672-4910-1 |
| 040 ## - FUENTE DE CATALOGACIÓN | |
| Centro/agencia transcriptor | Biblioteca de ejemplo |
| 100 ## - ENTRADA PRINCIPAL--NOMBRE DE PERSONA | |
| Nombre de persona | Ruiz Zafón, Carlos |
| Fechas asociadas al nombre | (1964-2020) |
| 9 (RLIN) | 14 |
| Término indicativo de función/relación | autor |
| 245 03 - MENCIÓN DEL TÍTULO | |
| Título | El prisionero del cielo |
| Resto del título | : |
| Mención de responsabilidad, etc. | / Carlos Ruiz Zafón; [colaboradora, Carmen Estrella Delgado María] |
| 250 ## - MENCION DE EDICION | |
| Mención de edición | 5ª ed. |
| 260 ## - PUBLICACIÓN, DISTRIBUCIÓN, ETC. | |
| Lugar de publicación, distribución, etc. | Barcelona |
| Nombre del editor, distribuidor, etc. | Círculo de Lectores |
| Fecha de publicación, distribución, etc. | D.L. 2012 |
| 300 ## - DESCRIPCIÓN FÍSICA | |
| Extensión | 379 p. |
| Otros detalles físicos | il. |
| Dimensiones | 24 cm |
| 490 0# - MENCIÓN DE SERIE | |
| Mención de serie | El cementerio de los libros olvidados |
| 650 #0 - PUNTO DE ACCESO ADICIONAL DE MATERIA--TÉRMINO DE MATERIA | |
| Término de materia o nombre geográfico como elemento de entrada | Novela de suspense |
| 9 (RLIN) | 16 |
| 700 ## - ENTRADA AGREGADA--NOMBRE PERSONAL | |
| Nombre de persona | Delgado María, Carmen Estrella |
| Fechas asociadas al nombre | (1962-) |
| 9 (RLIN) | 15 |
| 942 ## - ELEMENTOS DE ENTRADA SECUNDARIOS (KOHA) | |
| Fuente de la clasificación o esquema de estantería | Clasificación Decimal Dewey |
| Tipo de ítem Koha | Monografías |
| Suprimir en OPAC | No |
| Estatus retirado | Estado de pérdida | Fuente de la clasificación o esquema de estantería | Estado de daño | No para préstamo | Biblioteca de origen | Biblioteca actual | Fecha de adquisición | Total de préstamos | Signatura topográfica completa | Código de barras | Visto por última vez | Fecha del último préstamo | Precio de reemplazo | Tipo de ítem Koha |
|---|---|---|---|---|---|---|---|---|---|---|---|---|---|---|
| Clasificación Decimal Dewey | Centerville | Centerville | 07/08/2025 | 1 | N RUI pri | 009050 | 08/08/2025 | 08/08/2025 | 07/08/2025 | Monografías |